Seafood industry in India: a critical appraisal (Record no. 501398)

000 -LEADER
fixed length control field 00392cam a22001217a 4500
008 - FIXED-LENGTH DATA ELEMENTS--GENERAL INFORMATION
fixed length control field 180718b1986 xxu||||| |||| 00| 0 eng d
082 ## - DEWEY DECIMAL CLASSIFICATION NUMBER
Classification number APPPA 85-86 THI
100 ## - MAIN ENTRY--PERSONAL NAME
Personal name Thiagarajan, P.
245 ## - TITLE STATEMENT
Title Seafood industry in India: a critical appraisal
Statement of responsibility, etc. by P. Thiagarajan
260 ## - PUBLICATION, DISTRIBUTION, ETC.
Place of publication, distribution, etc. New Delhi
Name of publisher, distributor, etc. Indian Institute of Public Administration
Date of publication, distribution, etc. 1986
300 ## - PHYSICAL DESCRIPTION
Extent 96+p.
650 ## - SUBJECT ADDED ENTRY--TOPICAL TERM
Topical term or geographic name entry element Seafood industry-India
Holdings
Withdrawn status Lost status Damaged status Not for loan Permanent Location Current Location Date acquired Full call number Barcode Date last seen Price effective from Koha item type
        Indian Institute of Public Administration Indian Institute of Public Administration 2018-08-04 APPPA 85-86 THI GR11847 2018-08-04 2018-08-04 GR

Powered by Koha